000 01037nam a2200253Ia 4500
003 IN-BaIIA
008 211028s9999 xx 000 0 eng d
020 _a0-7923-1159-0
040 _cIIA Library
080 _a082.2:52
_bIAU-S147
111 _aSymposium of the International Astronomical Union
_cFrance
_d1990 June 12-16
_917244
245 0 _aFragmentation of molecular clouds and star formation
_bproceedings of the 147th symposium of the International Astronomical Union held in Grenlobe, France June 12-16, 1990
_cedited by E. Falgarone, Boulanger, F. and Duvert, G.
260 _aDordrecht
_bKluwer Academic
_c1991
300 _axxiv, 543p.
490 _aIAU Symposium; no. 147
650 _aAstronomy and Astrophysics Thesaurus
650 _aMolecular clouds
_911776
650 _aStar formation
700 _aBoulanger, F., ed.
_917245
700 _aDuvert, G., ed.
_917246
700 _aFalgarone, E., ed.
_917247
710 _aInternational Astronomical Union
942 _cBK
999 _c10168
_d10168